000
00218nam a22000857a 4500
008
170614b xxu||||| |||| 00| 0 eng d
100
_9
3384
_a
Agarwal. M
245
_a
Genaral Knowledge - 8
260
_a
New Delhi
_b
V. V. A
_c
2009
999
_c
6739
_d
6739